| 000 -GUIDE |
| Champ de contrôle de longueur fixe |
00794nam a22002537a 4500 |
| 003 - IDENTITÉ DU NUMÉRO DE CONTRÔLE |
| Champ de contrôle |
BI-BuBU |
| 008 - ÉLÉMENTS DE LONGUEUR FIXE - RENSEIGNEMENTS GÉNÉRAUX |
| Champ de contrôle de longueur fixe |
091120t fr ||||| |||| 00| 0 fre d |
| 020 ## - INTERNATIONAL STANDARD BOOK NUMBER |
| ISBN |
9782100044429 |
| 020 ## - INTERNATIONAL STANDARD BOOK NUMBER |
| ISBN |
2100044427 |
| 039 ## - NIVEAU DE CONTRÔLE BIBLIOGRAPHIQUE ET HISTORIQUE D'ENCODAGE [OBSOLETE] |
| Date creation |
aln |
| 040 ## - SOURCE DU CATALOGAGE |
| Organisme qui a effectué le catalogage original |
BI-BuBU |
| Code de la langue utilisée dans le catalogage |
fre |
| Organisme qui a effectué la transcription |
BI-BuBU |
| 080 ## - INDICE DE LA CLASSIFICATION DÉCIMALE UNIVERSELLE (CDU) |
| Indice de la Classification décimale universelle |
517.MON.V.1 |
| 100 1# - VEDETTE PRINCIPALE - NOM DE PERSONNE |
| Code de relation |
aut |
| Nom de personne |
Jean- Marie Monier |
| 245 1# - MENTION DU TITRE |
| Titre |
Analyse I |
| Reste du titre |
cours et 300 exercices corrigés : 1ère année MPSI, PCSI, PTSI |
| Mention de responsabilité, etc. |
Jean- marie Monier,... |
| 250 ## - MENTION D'ÉDITION |
| Mention d'édition |
3 ème éd. |
| 260 ## - PUBLICATION, DIFFUSION, ETC. (ADRESSE BIBLIOGRAPHIQUE) |
| Lieu de publication, diffusion, etc. |
Paris |
| Nom de l'éditeur, diffuseur, etc. |
Dunod |
| Date of publication, distribution, etc |
1999 |
| 300 ## - DESCRIPTION MATÉRIELLE |
| Collation |
x-275 p. |
| Autres caractéristiques matérielles |
couv. ill. en coul. |
| Dimensions |
30 cm. |
| 440 ## - MENTION DE COLLECTION / VEDETTE SECONDAIRE DE TITRE |
| Titre |
Cours |
| 9 (RLIN) |
5689 |
| 504 ## - NOTE DE BIBLIOGRAPHIE ET INDEX. |
| Note de bibliographie et index. |
Index |
| 650 ## - VEDETTE-MATIÈRE - NOM COMMUN |
| Source du terme |
analyse |
| 9 (RLIN) |
5690 |
| 942 ## - ÉLÉMENTS D'ENTRÉE ADDITIONNELLE (KOHA) |
| Source de la classification ou du système de rangement |
|
| Type d item koha |
BOOK |